000 00291nam a2200109Ia 4500
008 220204s9999 xx 000 0 und d
082 _a929A/Z(STE)
_bDAI
100 _aDaiches, David
245 0 _aRobert Louis Stevenson and his word
260 _aLondon
_bThomas and Hudson
_c1973
942 _cBK
999 _c34510
_d34510